Girl with a Pearl Earring (Record no. 136080)

MARC details
000 -LEADER
fixed length control field 00529nam a22001937a 4500
003 - CONTROL NUMBER IDENTIFIER
control field OSt
005 - DATE AND TIME OF LATEST TRANSACTION
control field 20240701171933.0
008 - FIXED-LENGTH DATA ELEMENTS--GENERAL INFORMATION
fixed length control field 240701b |||||||| |||| 00| 0 eng d
020 ## - INTERNATIONAL STANDARD BOOK NUMBER
International Standard Book Number 0 00 717282 6
040 ## - CATALOGING SOURCE
Transcribing agency sbcl
082 ## - DEWEY DECIMAL CLASSIFICATION NUMBER
Classification number 823 CHE
Item number 142293
100 ## - MAIN ENTRY--PERSONAL NAME
Personal name Chevalier,Tracy
245 ## - TITLE STATEMENT
Title Girl with a Pearl Earring
250 ## - EDITION STATEMENT
Edition statement 1
260 ## - PUBLICATION, DISTRIBUTION, ETC.
Place of publication, distribution, etc. London
Name of publisher, distributor, etc. HarperCollins
Date of publication, distribution, etc. 2003
300 ## - PHYSICAL DESCRIPTION
Extent 309p.
650 ## - SUBJECT ADDED ENTRY--TOPICAL TERM
Topical term or geographic name entry element English & Old English literatures
942 ## - ADDED ENTRY ELEMENTS (KOHA)
Koha item type BOOK
650 ## - SUBJECT ADDED ENTRY--TOPICAL TERM
Source of heading or term Literature (Belles-lettres) and rhetoric
Form subdivision English fiction
Holdings
Withdrawn status Lost status Source of classification or shelving scheme Damaged status Not for loan Home library Current library Date acquired Total Checkouts Full call number Barcode Shelving location Date last seen Date last checked out Cost, replacement price Price effective from Koha item type
    Dewey Decimal Classification     SB LIBRARY SB LIBRARY 01/07/2024 1 823 CHE-G 142293 GENERAL STACK 27/08/2024 01/08/2024 741.00   BOOK

Powered by Koha